Place des bacteries dans les infections carieuses et parodontales à Cotonou (Record no. 48462)

MARC details
000 -LEADER
fixed length control field 00587nam a22001937a 4500
003 - CONTROL NUMBER IDENTIFIER
control field 0
005 - DATE AND TIME OF LATEST TRANSACTION
control field 20160609170152.0
008 - FIXED-LENGTH DATA ELEMENTS--GENERAL INFORMATION
fixed length control field 101208t xxu||||| |||| 00| 0 eng d
040 ## - SOURCE DU CATALOGAGE
Original cataloging agency BUAC
Transcribing agency BEPAC
100 ## - VEDETTE PRINCIPALE - NOM DE PERSONNE
Personal name Fade n Yvonne E.
9 (RLIN) 11949
130 ## - VEDETTE PRINCIPALE - TITRE UNIFORME
Language of a work fr
9 (RLIN) 11950
245 ## - TITLE STATEMENT
Title Place des bacteries dans les infections carieuses et parodontales à Cotonou
260 ## - PUBLICATION, DISTRIBUTION, ETC. (IMPRINT)
Place of publication, distribution, etc EPAC-UAC
Name of publisher, distributor, etc EPAC-UAC
Date of publication, distribution, etc 2006-2007
300 ## - PHYSICAL DESCRIPTION
Extent XII-53p.
650 ## - SUBJECT ADDED ENTRY--TOPICAL TERM
Topical term or geographic name as entry element PLACE DES BACTERIES
Topical term following geographic name as entry element INFECTION CARIEUSE
9 (RLIN) 11951
650 ## - SUBJECT ADDED ENTRY--TOPICAL TERM
Topical term or geographic name as entry element INFECTION DONTALE
Topical term following geographic name as entry element COTONOU
9 (RLIN) 11952
700 ## - ADDED ENTRY--PERSONAL NAME
Personal name Kinnoume , Lidwine
9 (RLIN) 11953
942 ## - ADDED ENTRY ELEMENTS (KOHA)
Koha item type Thèse et Memoire
Holdings
Withdrawn status Lost status Damaged status Not for loan Location (home branch) Sublocation or collection (holding branch) Date acquired Source of acquisition Koha issues (times borrowed) Koha full call number Piece designation (barcode) Koha date last seen Copy number Price effective from Koha item type
        Bibliothèque Ecole Polytechnique d'Abomey-Calavi Bibliothèque Ecole Polytechnique d'Abomey-Calavi 08/12/2010 Dépot légal   26/ABM/FAD M16183EPAC 08/12/2010 1 08/12/2010 Thèse et Memoire


© 2008, Bibliothèques de l'Université d'Abomey-Calavi

04 BP 789 Cotonou, Tél. : +229 21 36 01 01, Fax : +229 21 35 06 32

Courriel : bu@bu.uac.bj